Zníženie diskontu prekvapivo zdvihlo jednomesačný BRIBOR Príloha Hospodárskych novín
Vývoj vybraných makroekonomických ukazovateľov SR. Ukazovatele menového vývoja SR. Situácia na kapitálovom trhu v septembri a októbri 1995.
Salvato in:
| Natura: | Capitolo di libro |
|---|---|
| Lingua: | slovacco |
| Soggetti: | |
| Tags: |
Nessun Tag, puoi essere il primo ad aggiungerne!!
|
MARC
| LEADER | 00000naa a2200000 4500 | ||
|---|---|---|---|
| 001 | r019010 | ||
| 005 | 20221205102153.4 | ||
| 041 | 0 | |a slo | |
| 044 | |a SK | ||
| 245 | 1 | 0 | |a Zníženie diskontu prekvapivo zdvihlo jednomesačný BRIBOR |b Príloha Hospodárskych novín |
| 520 | |a Vývoj vybraných makroekonomických ukazovateľov SR. Ukazovatele menového vývoja SR. Situácia na kapitálovom trhu v septembri a októbri 1995. | ||
| 610 | 2 | 0 | |a Slovensko |
| 610 | 2 | 0 | |a január-október |
| 610 | 2 | 0 | |a 1995 |
| 610 | 2 | 0 | |a analýza finančná |
| 610 | 2 | 0 | |a makroekonomika |
| 610 | 2 | 0 | |a trh kapitálový |
| 610 | 2 | 0 | |a sadzby úrokové |
| 610 | 2 | 0 | |a vývoj menový |
| 610 | 2 | 0 | |a diskont |
| 610 | 2 | 0 | |a miera úroková |
| 610 | 2 | 0 | |a BRIBOR |
| 610 | 2 | 0 | |a ukazovatele ekonomické |